Shakira - Statistics

General Stats
  • This quiz has been taken 265 times
  • The average score is 8 of 15
Answer Stats
Hint Answer % Correct
How many grammys has she received(latin grammys not included) 2
89%
How many languages can she speak? 5
81%
Name of her son Milan
79%
When she had met with pique (year) 2010
76%
Whenever... Wherever
70%
When were she born(year) 1977
66%
Song that is the eighth most viewed on youtube Waka waka
62%
For which team her husband is playing Fc barcelona
52%
From where does her father come Lebanon
52%
Where she was born? Barranquilla
45%
In which videoclip of hers, the tennis player nadal make his appearance? Gypsy
39%
Her iq number: 140
36%
Her debut single is: Magia
30%
Family member who died when she was two Half brother
17%
Her full name is: Shakira izabel mebarak ripoll
8%
No matching quizzes found
Score Distribution
Percent of People with Each Score
Percentile by Number Answered
Your Score History
You have not taken this quiz